Pop-Up Mystery Categories #2 - Statistics

General Stats
  • This quiz has been taken 1,917 times
  • The average score is 25 of 33
Answer Stats
Hint Answer % Correct
GLNO Sick
100%
OTU Long
99%
IPRST Out
99%
ACEPS Ball
95%
ABLL Hunt
95%
AEVW Mail
95%
DINW Strip
95%
HNTU Wave
95%
AILM Wind
95%
ACEH Space
94%
ANSW Ache
91%
GHILT Brush
90%
BHRSU Swan
90%
ACFRT Jack
88%
ACJK Light
88%
ADNST Craft
87%
DEFIL List
86%
ILST Stand
86%
EHNOP Field
75%
EILNR Bird
74%
BDIR Phone
74%
GNORST Liner
72%
EYRRB Strong
72%
EIKRST Berry
69%
AEMRST Strike
68%
BLACK
54%
HIMST Master
53%
HEAD
48%
HORTWY Smith
47%
AEQRRTU Worthy
46%
ABDRO Quarter
43%
AIR
42%
Board
42%
No matching quizzes found
Score Distribution
Percent of People with Each Score
Percentile by Number Answered
Your Score History
You have not taken this quiz